Sports Quiz

Random Sports or Football Quiz
Score 0/30 Timer 10:00
0 Plays Today
Place/Poste Joueur % Correct
1er - AttaquantCristiano Ronaldo
99.7%
2e - AttaquantLionel Messi
99.5%
3e - AttaquantNeymar
98.8%
4e - GardienGianluigi Buffon
98.1%
6e - DéfenseurSergio Ramos
97.4%
11e - AttaquantEdinson Cavani
96.4%
5e - MilieuLuka Modric
95.7%
7e - AttaquantKylian Mbappé
95.1%
10e - AttaquantHarry Kane
93.7%
13e - AttaquantLuis Suarez
93.3%
8e - MilieuN'Golo Kanté
91.3%
9e - AttaquantRobert Lewandowski
89.5%
18e - AttaquantAntoine Griezmann
89.1%
25e - AttaquantKarim Benzema
87.7%
16e - DéfenseurMarcelo
85.7%
Place/Poste Joueur % Correct
17e - MilieuToni Kroos
85%
20e - GardienDavid De Gea
85%
14e - MilieuKevin De Bruyne
83.7%
23e - AttaquantSadio Mané
82.3%
24e - AttaquantRadamel Falcao
79.8%
15e - AttaquantPaulo Dybala
78.5%
26e - GardienJan Oblak
76.4%
21e - DéfenseurLeonardo Bonucci
75.7%
19e - AttaquantEden Hazard
75.4%
29e - AttaquantDries Mertens
66.2%
28e - AttaquantEdin Dzeko
65.9%
27e - DéfenseurMats Hummels
62.6%
21e - AttaquantPierre-Emerick Aubameyang
62.1%
12e - MilieuIsco
61.6%
29e - MilieuPhilippe Coutinho
42.8%
Remove Ads.
Support Sporcle.
Get the best of Sporcle when you Go Orange. This ad-free experience offers more features, more stats, and more fun while also helping to support Sporcle. Thank you for becoming a member.

You're not logged in!

Compare scores with friends on all Sporcle quizzes.
OR
Log In

Sporcle TV

Today on Sporcle TV


Watch our educational content, quiz creation guides, and fun videos on Sporcle TV.

Show Comments

Extras

Created Jul 4, 2020ReportNominate
Tags:Football Quiz

Top Quizzes Today


Score Distribution

Paid Content

Your Account Isn't Verified!

In order to create a playlist on Sporcle, you need to verify the email address you used during registration. Go to your Sporcle Settings to finish the process.

Report this User

Report this user for behavior that violates our Community Guidelines.

Details: